| 000 | 00800nam a22002297a 4500 | ||
|---|---|---|---|
| 005 | 20170124110152.0 | ||
| 010 | _aA-878646 | ||
| 020 |
_a8185985294 _c00.00 |
||
| 035 | _aA-878646 | ||
| 037 | _bCen Lib/Ret | ||
| 040 |
_aDPL _bEN |
||
| 082 |
_a658.562 _bHOS |
||
| 100 |
_aHostani, Katsuya _934169 |
||
| 245 |
_aThe QC problem-solving approach : _cby Katsuya Hosotani _bsolving workplace problems the Japanese way / |
||
| 260 |
_aMadras _bProductivity Press India _c1996 |
||
| 270 | _bMadras | ||
| 300 |
_aix,168p. _c20cm(Hb) |
||
| 500 | _aIncludes bibliographical references and index | ||
| 650 |
_aGestion -- Japon -- Milieu -- Probleme -- Qualite -- Resolution -- Total -- Travail _934170 |
||
| 650 |
_aTotal quality management _96345 |
||
| 942 |
_2ddc _cEN _h658.562 _mHOS |
||
| 999 |
_c132263 _d132263 |
||